|
|
|
|
| LEADER |
02506nam a2200661 4500 |
| 001 |
ocn870248757 |
| 003 |
OCoLC |
| 005 |
20170124071656.1 |
| 006 |
m o d |
| 007 |
cr ||||||||||| |
| 008 |
140207s2014 enk ob 001 0 eng |
| 010 |
|
|
|a 2014005560
|
| 040 |
|
|
|a DLC
|b eng
|e rda
|c DLC
|d YDX
|d N$T
|d DG1
|d E7B
|d CUS
|d UKMGB
|d YDXCP
|d CDX
|d COO
|d RECBK
|d DEBBG
|d GrThAP
|
| 016 |
7 |
|
|a 016697574
|2 Uk
|
| 019 |
|
|
|a 961666138
|a 962726024
|
| 020 |
|
|
|a 9781118536490 (ePub)
|
| 020 |
|
|
|a 1118536495 (ePub)
|
| 020 |
|
|
|a 9781118536506 (Adobe PDF)
|
| 020 |
|
|
|a 1118536509 (Adobe PDF)
|
| 020 |
|
|
|z 9781119990123 (cloth)
|
| 020 |
|
|
|a 9781118536483 (electronic bk.)
|
| 020 |
|
|
|a 1118536487 (electronic bk.)
|
| 020 |
|
|
|a 1119990122
|
| 020 |
|
|
|a 9781119990123
|
| 029 |
1 |
|
|a NZ1
|b 15497385
|
| 029 |
1 |
|
|a NZ1
|b 15906657
|
| 029 |
1 |
|
|a CHVBK
|b 33409139X
|
| 029 |
1 |
|
|a CHBIS
|b 010441995
|
| 029 |
1 |
|
|a NZ1
|b 16092122
|
| 029 |
1 |
|
|a GBVCP
|b 790212447
|
| 029 |
1 |
|
|a DEBBG
|b BV043396542
|
| 035 |
|
|
|a (OCoLC)870248757
|z (OCoLC)961666138
|z (OCoLC)962726024
|
| 042 |
|
|
|a pcc
|
| 050 |
0 |
0 |
|a TA168
|
| 072 |
|
7 |
|a TEC
|x 009000
|2 bisacsh
|
| 072 |
|
7 |
|a TEC
|x 035000
|2 bisacsh
|
| 082 |
0 |
0 |
|a 620.001/1
|2 23
|
| 049 |
|
|
|a MAIN
|
| 100 |
1 |
|
|a Doraiswami, Rajamani.
|
| 245 |
1 |
0 |
|a Identification of physical systems :
|b applications to condition monitoring, fault diagnosis, softsensor, and controller design /
|c Rajamani Doraiswami, Chris Diduch, Maryhelen Stevenson.
|
| 264 |
|
1 |
|a Chichester, West Sussex, United Kingdom :
|b Wiley,
|c 2014.
|
| 300 |
|
|
|a 1 online resource.
|
| 336 |
|
|
|a text
|2 rdacontent
|
| 337 |
|
|
|a computer
|2 rdamedia
|
| 338 |
|
|
|a online resource
|2 rdacarrier
|
| 504 |
|
|
|a Includes bibliographical references and index.
|
| 588 |
|
|
|a Description based on print version record and CIP data provided by publisher; resource not viewed.
|
| 650 |
|
0 |
|a Systems engineering.
|
| 650 |
|
0 |
|a Systems engineering
|x Mathematics.
|
| 650 |
|
7 |
|a TECHNOLOGY & ENGINEERING / Engineering (General)
|2 bisacsh
|
| 650 |
|
7 |
|a TECHNOLOGY & ENGINEERING / Reference
|2 bisacsh
|
| 655 |
|
4 |
|a Electronic books.
|
| 655 |
|
0 |
|a Electronic books.
|
| 700 |
1 |
|
|a Diduch, Chris.
|
| 700 |
1 |
|
|a Stevenson, Maryhelen.
|
| 776 |
0 |
8 |
|i Print version:
|a Doraiswami, Rajamani.
|t Identification of physical systems
|d Chichester, West Sussex, United Kingdom : John Wiley & Sons Ltd., 2014
|z 9781119990123
|w (DLC) 2013049559
|
| 856 |
4 |
0 |
|u https://doi.org/10.1002/9781118536483
|z Full Text via HEAL-Link
|
| 994 |
|
|
|a 92
|b DG1
|